000 00501nam a2200133Ia 4500
008 181023s9999 xx 000 0 und d
020 _a9781138326264
100 _aHutchinson, Anjalee Deshpande.
245 _cAnjalee Deshpande Hutchinson.--
_aActing exercises for non-traditional staging :
_bMichael Checkov reimagined /
260 _aNew York :
_bRoutledge
_c2018
300 _axvi, 271 pages.
500 _aIncludes bibliographic references and index.
650 _aActing -- handbooks, manuals, etc.
999 _c359343
_d359343